[Event "17. OIBM Bad Wiessee"]
[Site "Bad Wiessee"]
[Date "2013.10.27"]
[Round "3.4"]
[White "Wacker, Peter"]
[Black "Rozentalis, Eduardas"]
[Result "0-1"]
[WhiteElo "2293"]
[BlackElo "2616"]
[PlyCount "50"]
[EventDate "2013.??.??"]
[WhiteTeam "Pulheimer SC 1924/57 e.V"]

1. d4 Nf6 2. c4 e6 3. Nc3 Bb4 4. e3 O-O 5. Bd3 b6 6. Nf3 Bb7 7. O-O Bxc3 8.
bxc3 d6 9. Qc2 Nbd7 10. Ng5 h6 11. Ne4 Nxe4 12. Bxe4 Bxe4 13. Qxe4 e5 14. Qc2
f5 15. f3 Qh4 16. Qa4 Nf6 17. Qc6 e4 18. Qxc7 exf3 19. gxf3 Ne4 20. Qc6 Nxc3
21. Bd2 Rac8 22. Qd7 Ne2+ 23. Kg2 f4 24. Qxd6 fxe3 25. Bxe3 Rfe8 0-1

[Event "17. OIBM Bad Wiessee"]
[Site "Bad Wiessee"]
[Date "2013.10.27"]
[Round "3.5"]
[White "Klek, Hanna Marie"]
[Black "Khenkin, Igor"]
[Result "1-0"]
[WhiteElo "2283"]
[BlackElo "2609"]
[PlyCount "91"]
[EventDate "2013.??.??"]
[WhiteTeam "SC Erlangen 48/88 e.V."]
[BlackTeam "Wiesbadener SV 1885"]

1. e4 c6 2. Nc3 d5 3. Nf3 Nf6 4. e5 Ne4 5. Ne2 Qb6 6. d4 e6 7. Nfg1 f6 8. f3
Ng5 9. Nc3 c5 10. Nge2 Nc6 11. exf6 gxf6 12. Na4 Qa5+ 13. c3 cxd4 14. b4 Nxb4
15. cxb4 Bxb4+ 16. Kf2 e5 17. a3 Be7 18. Bd2 Qd8 19. Ng3 O-O 20. h4 Nf7 21. Bd3
Nd6 22. Qb3 Be6 23. Bh6 Rf7 24. Nc5 Qc8 25. Rac1 b6 26. Ba6 Qxc5 27. Rxc5 bxc5
28. Rb1 c4 29. Qa4 d3 30. Qc6 Rd8 31. Bd2 f5 32. Ba5 Rd7 33. Rb8+ Kg7 34. Bc8
Bxh4 35. Bxd7 Rxd7 36. Bb4 Be7 37. Bxd6 Bxd6 38. Rb7 Bc5+ 39. Ke1 Rxb7 40.
Qxb7+ Kf6 41. Nh5+ Kg5 42. Ng7 Bg8 43. Qc8 Kf6 44. Nh5+ Kg5 45. Qxg8+ Kxh5 46.
Qxd5 1-0

[Event "17. OIBM Bad Wiessee"]
[Site "Bad Wiessee"]
[Date "2013.10.27"]
[Round "3.6"]
[White "Graf, Alexander"]
[Black "Epding, Olaf"]
[Result "1-0"]
[WhiteElo "2607"]
[BlackElo "2277"]
[PlyCount "83"]
[EventDate "2013.??.??"]
[WhiteTeam "USV Volksbank Halle"]
[BlackTeam "SC NT Nürnberg 1873"]

1. d4 d5 2. c4 e6 3. Nc3 Nf6 4. Bg5 Be7 5. e3 h6 6. Bh4 O-O 7. Nf3 b6 8. Bd3
Bb7 9. O-O Nbd7 10. Qe2 c5 11. Rac1 Ne4 12. Bxe7 Qxe7 13. cxd5 exd5 14. dxc5
bxc5 15. Rfd1 Ndf6 16. Bxe4 dxe4 17. Nd2 Rfd8 18. Nb3 Nd5 19. Nxc5 Qxc5 20.
Nxd5 Qa5 21. b4 Qa4 22. Ne7+ Kf8 23. Nf5 Bd5 24. Qb2 f6 25. a3 Qb3 26. Qd4 Be6
27. Qc5+ Kg8 28. Rxd8+ Rxd8 29. Nd4 Qa4 30. Qc6 Bd7 31. Qd5+ Kh8 32. h3 Rg8 33.
Rc7 Be8 34. Qb3 Qa6 35. b5 Qa5 36. Qc3 Qa4 37. Qc5 Qd1+ 38. Kh2 Qf1 39. Qf5 a6
40. b6 Qb1 41. b7 Ba4 42. Qd5 1-0

[Event "17. OIBM Bad Wiessee"]
[Site "Bad Wiessee"]
[Date "2013.10.27"]
[Round "3.7"]
[White "Schuster, Karsten"]
[Black "Sumets, Andrey"]
[Result "0-1"]
[WhiteElo "2280"]
[BlackElo "2598"]
[PlyCount "142"]
[EventDate "2013.??.??"]
[WhiteTeam "SC Gröbenzell"]
[BlackTeam "SF Lilienthal von 1971"]

1. d4 Nf6 2. c4 e6 3. Nc3 Bb4 4. Qc2 O-O 5. a3 Bxc3+ 6. Qxc3 b6 7. Bg5 h6 8.
Bh4 Ba6 9. e3 d6 10. Bd3 Nbd7 11. Ne2 c5 12. Qc2 Rc8 13. Qa4 cxd4 14. exd4 Nb8
15. Rd1 d5 16. cxd5 Bxd3 17. Rxd3 g5 18. Bg3 Qxd5 19. O-O Qc4 20. Qd1 Nd5 21.
Bxb8 Rxb8 22. f4 f6 23. Rb3 Rb7 24. fxg5 hxg5 25. Nc3 Rh7 26. Nxd5 Qxd5 27.
Rbf3 Kg7 28. Qd2 Rh4 29. Rd3 Rd8 30. Rd1 Rd7 31. g3 Rh8 32. Qg2 Qxg2+ 33. Kxg2
g4 34. R3d2 Kf7 35. Kf1 Ke7 36. Ke1 Kd6 37. Rf2 Rh6 38. Rdd2 Rdh7 39. Kd1 Kd5
40. Kc2 Rc7+ 41. Kd3 Rc4 42. Rf4 f5 43. Ke3 Rh7 44. Rff2 Rhc7 45. Rfe2 R7c6 46.
Kf4 Rxd4+ 47. Rxd4+ Kxd4 48. Rd2+ Kc4 49. Rc2+ Kd5 50. Rd2+ Kc5 51. Ke5 Kb5 52.
Rd6 Rc2 53. Kxe6 Rxh2 54. Kxf5 Rxb2 55. Rd3 Kc4 56. Re3 Rb3 57. Rxb3 Kxb3 58.
Kxg4 Kxa3 59. Kf4 Kb4 60. g4 Kc5 61. Ke5 a5 62. g5 a4 63. g6 a3 64. g7 a2 65.
g8=Q a1=Q+ 66. Kf5 Qf1+ 67. Ke5 Qe2+ 68. Kf6 Qf3+ 69. Ke5 Qe3+ 70. Kf5 Qd3+ 71.
Kf6 Qd6+ 0-1

[Event "17. OIBM Bad Wiessee"]
[Site "Bad Wiessee"]
[Date "2013.10.27"]
[Round "3.8"]
[White "Gupta, Abhijeet"]
[Black "Stockmann, Michael"]
[Result "1-0"]
[WhiteElo "2593"]
[BlackElo "2275"]
[PlyCount "45"]
[EventDate "2013.??.??"]
[BlackTeam "SF Schöneck"]

1. d4 d5 2. c4 e6 3. Nf3 Nf6 4. g3 dxc4 5. Bg2 a6 6. O-O Nc6 7. e3 Bd7 8. Qe2
b5 9. b3 cxb3 10. axb3 Bd6 11. Bb2 Qe7 12. Rc1 Ra7 13. Ne5 Bxe5 14. dxe5 Nd5
15. Nc3 Ncb4 16. Nxd5 Nxd5 17. Bd4 Ra8 18. e4 Nb6 19. Rxc7 Nc8 20. Rd1 Qd8 21.
Qc2 Ne7 22. Bb6 Rc8 23. Rdxd7 1-0

[Event "17. OIBM Bad Wiessee"]
[Site "Bad Wiessee"]
[Date "2013.10.27"]
[Round "3.10"]
[White "Kempinski, Robert"]
[Black "Kvetny, Mark"]
[Result "1-0"]
[WhiteElo "2585"]
[BlackElo "2265"]
[PlyCount "51"]
[EventDate "2013.??.??"]
[WhiteTeam "Hamburger SK von 1830 eV"]
[BlackTeam "Stuttgarter SF 1879"]

1. d4 Nf6 2. c4 e6 3. Nf3 d5 4. e3 c5 5. a3 dxc4 6. Bxc4 a6 7. Bd3 Nbd7 8. O-O
Bd6 9. Qe2 Qc7 10. Re1 b5 11. a4 c4 12. Bc2 Bb7 13. e4 e5 14. axb5 axb5 15.
Rxa8+ Bxa8 16. Nc3 Qb8 17. dxe5 Nxe5 18. Nd4 Bc5 19. Ncxb5 Neg4 20. e5 O-O 21.
h3 Qb7 22. Qf1 Nh5 23. hxg4 Ng3 24. fxg3 Qxb5 25. Qf2 Qb6 26. Be3 1-0

[Event "17. OIBM Bad Wiessee"]
[Site "Bad Wiessee"]
[Date "2013.10.27"]
[Round "3.12"]
[White "Rogobete, Nikolas"]
[Black "Krämer, Martin"]
[Result "0-1"]
[WhiteElo "2255"]
[BlackElo "2546"]
[PlyCount "125"]
[EventDate "2013.??.??"]
[WhiteTeam "SC Türkheim/Bad Wörishofen"]
[BlackTeam "Sfrd. Berlin 1903 e.V."]

1. e4 c5 2. Nf3 d6 3. d4 cxd4 4. Nxd4 Nf6 5. Nc3 a6 6. Bc4 e6 7. O-O Nc6 8. Bb3
Be7 9. Be3 O-O 10. Kh1 Nxd4 11. Bxd4 b5 12. a3 Bb7 13. Qf3 a5 14. Bxf6 Bxf6 15.
Nxb5 Bxb2 16. Rab1 Be5 17. Qe3 a4 18. Bc4 Rc8 19. Bd3 Ba6 20. f4 Bf6 21. Rfd1
Bxb5 22. Rxb5 Bc3 23. Rh5 g6 24. Rh3 Bg7 25. f5 Qf6 26. Rf1 exf5 27. exf5 g5
28. Rg3 h6 29. h4 Rfe8 30. Qf3 Rc3 31. Rg4 Rxa3 32. Qc6 Rb8 33. Rxa4 Rxa4 34.
Qxa4 gxh4 35. Qe4 Kf8 36. Qf4 Re8 37. Rd1 Re5 38. Rb1 Kg8 39. Rf1 Re8 40. Rd1
Rd8 41. Rf1 Rb8 42. Rd1 Qe7 43. Rf1 Qf6 44. Rd1 Rc8 45. Rf1 Rd8 46. Rd1 Qg5 47.
Qxg5 hxg5 48. Kh2 Be5+ 49. Kh3 Kg7 50. Kg4 Kf6 51. Rb1 Ra8 52. Rb4 Ra3 53. Rc4
Ra1 54. Be4 Rd1 55. Bd3 Rd2 56. Kf3 Bg3 57. Re4 Rf2+ 58. Kg4 Rxg2 59. Re2 Rg1
60. Be4 Rf1 61. Bf3 Be5 62. Be4 Rf4+ 63. Kh3 0-1

[Event "17. OIBM Bad Wiessee"]
[Site "Bad Wiessee"]
[Date "2013.10.27"]
[Round "3.13"]
[White "Eingorn, Vereslav S"]
[Black "Osmanodja, Filiz"]
[Result "1-0"]
[WhiteElo "2548"]
[BlackElo "2247"]
[PlyCount "68"]
[EventDate "2013.??.??"]
[BlackTeam "USV TU Dresden"]

1. c4 e5 2. g3 Nf6 3. Bg2 Nc6 4. Nc3 Bb4 5. Nd5 a5 6. e3 Nxd5 7. cxd5 Ne7 8. a3
Bc5 9. Ne2 d6 10. O-O c6 11. d4 Bb6 12. dxc6 Nxc6 13. dxe5 dxe5 14. Qxd8+ Bxd8
15. Nc3 O-O 16. Bd2 Be6 17. Nd5 f5 18. Bc3 e4 19. Rfd1 a4 20. Bf1 Ba5 21. Bb5
Bxc3 22. Nxc3 Ne5 23. Bxa4 Nd3 24. Bb5 Nxb2 25. Rd6 Bc4 26. Rb6 Bxb5 27. Nxb5
Nc4 28. Rxb7 Rf7 29. Rxf7 Kxf7 30. a4 Ra5 31. Rc1 $1 Nb6 32. Rc7+ Kf8 33. Nd4
Nxa4 34. Ne6+ Ke8 1-0

[Event "17. OIBM Bad Wiessee"]
[Site "Bad Wiessee"]
[Date "2013.10.27"]
[Round "3.14"]
[White "Esipenko, Andrey"]
[Black "Prusikin, Michael"]
[Result "1/2-1/2"]
[WhiteElo "2248"]
[BlackElo "2546"]
[PlyCount "49"]
[EventDate "2013.??.??"]
[BlackTeam "TV Tegernsee"]

1. d4 d5 2. c4 e6 3. Nf3 Nf6 4. Nc3 Be7 5. Bg5 h6 6. Bxf6 Bxf6 7. e3 O-O 8. Qd2
c5 9. dxc5 Na6 10. cxd5 Nxc5 11. Rd1 Qa5 12. Nd4 Rd8 13. Be2 exd5 14. O-O Qb6
15. Qc2 Be6 16. Bf3 Rac8 17. Qb1 Ne4 18. Nxe4 dxe4 19. Bxe4 Bxd4 20. exd4 Rxd4
21. Rxd4 Qxd4 22. Bxb7 Rb8 23. Rd1 Bxa2 24. Rxd4 Bxb1 25. Rd7 1/2-1/2

[Event "17. OIBM Bad Wiessee"]
[Site "Bad Wiessee"]
[Date "2013.10.27"]
[Round "3.15"]
[White "Chetverik, Maxim"]
[Black "Hausrath, Daniel"]
[Result "1/2-1/2"]
[WhiteElo "2244"]
[BlackElo "2532"]
[PlyCount "119"]
[EventDate "2013.??.??"]
[WhiteTeam "Woronesh"]
[BlackTeam "SV Mülheim-Nord 1931 e"]

1. d4 Nf6 2. c4 g6 3. Nf3 Bg7 4. g3 O-O 5. Bg2 d6 6. O-O c6 7. Nc3 Qa5 8. h3
Qa6 9. Qb3 Nbd7 10. Be3 Nb6 11. Nd2 Be6 12. d5 cxd5 13. cxd5 Bd7 14. Bd4 Rfc8
15. Rfc1 Na4 16. Nxa4 Bxa4 17. Qe3 Bb5 18. Rxc8+ Rxc8 19. Qxe7 Re8 20. Qc7 Bxe2
21. Qc3 Qd3 22. Rc1 Qxc3 23. Rxc3 Ba6 24. Nb3 Nd7 25. Rc7 Ne5 26. Bxa7 Nd3 27.
Rd7 Be5 28. Bd4 Bxd4 29. Nxd4 Re1+ 30. Kh2 Nxf2 31. Rxd6 Rd1 32. Nb3 Nd3 33.
Rf6 Nxb2 34. Rf2 Nc4 35. Re2 Nd6 36. Rd2 Rxd2 37. Nxd2 Kf8 38. Kg1 Ke7 39. Kf2
f5 40. Ke3 Nc4+ 41. Nxc4 Bxc4 42. d6+ Kxd6 43. Bxb7 Bxa2 44. Kf4 Bd5 45. Ba6 h6
46. h4 Ke6 47. g4 fxg4 48. Kxg4 Ke5 49. Kg3 Be6 50. Bb7 Kf6 51. Bc6 g5 52.
hxg5+ Kxg5 53. Kh2 h5 54. Bf3 Bg4 55. Bc6 h4 56. Bd5 Kf4 57. Bc6 Bf3 58. Bxf3
Kxf3 59. Kh3 Ke4 60. Kxh4 1/2-1/2

[Event "17. OIBM Bad Wiessee"]
[Site "Bad Wiessee"]
[Date "2013.10.27"]
[Round "3.17"]
[White "Ludwig, Peter"]
[Black "Pap, Misa"]
[Result "0-1"]
[WhiteElo "2243"]
[BlackElo "2484"]
[PlyCount "74"]
[EventDate "2013.??.??"]
[WhiteTeam "Klub Kölner SF e.V. 1"]
[BlackTeam "Sfr. Korbach"]

1. Nf3 c5 2. c4 Nc6 3. g3 g6 4. Bg2 Bg7 5. O-O Nh6 6. d4 cxd4 7. Nxd4 Bxd4 8.
Bxh6 Bxb2 9. Nd2 Bxa1 10. Qxa1 f6 11. g4 Ne5 12. g5 Nf7 13. gxf6 e6 14. Bg7 Rg8
15. Ne4 b6 16. Nd6+ Nxd6 17. Bxa8 Nf5 18. f7+ Kxf7 19. Be5 Ba6 20. Bf3 Qg5+ 21.
Kh1 Bxc4 22. Rg1 Qe7 23. Qc1 d5 24. Qf4 Qh4 25. Rg4 Qxf2 26. Qg5 Qe1+ 27. Rg1
Qh4 28. Qd2 h5 29. Rc1 b5 30. a4 a6 31. axb5 axb5 32. Ra1 Rc8 33. Bf4 Qf2 34.
Bg5 Qc5 35. e4 dxe4 36. Qd7+ Ne7 37. Bxe4 Qxg5 0-1

[Event "17. OIBM Bad Wiessee"]
[Site "Bad Wiessee"]
[Date "2013.10.27"]
[Round "3.18"]
[White "Pohle, Dirk"]
[Black "Carlstedt, Jonathan"]
[Result "0-1"]
[WhiteElo "2234"]
[BlackElo "2421"]
[PlyCount "184"]
[EventDate "2013.??.??"]
[WhiteTeam "SC Solingen 1928 e.V."]
[BlackTeam "SV Diag.Harburg 1926 eV"]

1. d3 Nf6 2. e4 d6 3. Be2 Nc6 4. c3 h6 5. f4 e5 6. Nf3 Be7 7. O-O exf4 8. Bxf4
Bg4 9. Nd4 Bxe2 10. Qxe2 Nxd4 11. cxd4 Qd7 12. Nc3 Qg4 13. Qc2 c6 14. Rae1 Nh5
15. Be3 O-O 16. d5 c5 17. Qe2 Qxe2 18. Rxe2 a6 19. d4 cxd4 20. Bxd4 Rfe8 21.
Rf5 Bg5 22. g3 Rac8 23. Kg2 Rc4 24. Bb6 Nf6 25. h4 Bc1 26. e5 Nd7 27. Ne4 Rxe5
28. Rxe5 dxe5 29. b3 Rc8 30. Nd6 Rc3 31. Bf2 b5 32. Ne4 Rd3 33. Rc2 Ba3 34.
Rc8+ Kh7 35. Rc6 a5 36. d6 f5 37. Nc5 Bxc5 38. Bxc5 Rc3 39. Rc7 Rxc5 40. Rxd7
Kg6 41. Ra7 Kf6 42. Rxa5 Ke6 43. d7 Kxd7 44. a4 Rc2+ 45. Kh3 bxa4 46. bxa4 Kd6
47. h5 Rc5 48. Ra8 Rc7 49. a5 Kd5 50. Rd8+ Ke6 51. Rb8 Kf6 52. a6 Ra7 53. Rb6+
Kg5 54. Rb5 Rxa6 55. Rxe5 Ra1 56. Kg2 Kg4 57. Re7 Ra2+ 58. Kf1 Kxg3 59. Rxg7+
Kh4 60. Rf7 Kg5 61. Kg1 f4 62. Kh1 Ra5 63. Kg2 Kg4 64. Rf6 Rxh5 65. Rg6+ Kf5
66. Ra6 Rg5+ 67. Kf3 Rg3+ 68. Kf2 Rg6 69. Ra5+ Kg4 70. Ra1 h5 71. Rg1+ Kf5 72.
Rh1 Rg5 73. Rh4 Ke4 74. Rh1 Ra5 75. Re1+ Kf5 76. Rh1 Ra2+ 77. Kf3 Ra3+ 78. Kf2
Kg4 79. Rg1+ Rg3 80. Rh1 h4 81. Rc1 h3 82. Rc7 Rg2+ 83. Kf1 Ra2 84. Kg1 Kg3 85.
Rg7+ Kf3 86. Re7 Rg2+ 87. Kh1 Re2 88. Rh7 Kf2 89. Rf7 f3 90. Kh2 Ke1+ 91. Kg1
f2+ 92. Kh1 Re8 0-1

[Event "17. OIBM Bad Wiessee"]
[Site "Bad Wiessee"]
[Date "2013.10.27"]
[Round "3.20"]
[White "Gutman, Lev"]
[Black "Zunker, Reinhard"]
[Result "1-0"]
[WhiteElo "2441"]
[BlackElo "2198"]
[PlyCount "93"]
[EventDate "2013.??.??"]
[WhiteTeam "SV Lingen"]
[BlackTeam "SV 1920 Hofheim"]

1. Nf3 c5 2. g3 Nc6 3. Bg2 g6 4. O-O Bg7 5. c3 e5 6. d4 cxd4 7. cxd4 e4 8. Ne5
d5 9. Nc3 Nge7 10. Bg5 f6 11. Nxc6 Nxc6 12. Be3 Be6 13. f3 f5 14. fxe4 fxe4 15.
Qd2 Qd7 16. Rac1 h5 17. h4 Rc8 18. Kh2 Bf5 19. Bf4 O-O 20. Nb5 Ne7 21. Qb4 Nc6
22. Qd2 Ne7 23. Rxc8 Rxc8 24. Nd6 Rc6 25. Nxf5 Nxf5 26. Bh3 Qc8 27. Qa5 Qd7 28.
Qd2 Qc8 29. Be5 Bh6 30. Qa5 Qd7 31. Qxa7 Rc2 32. Qa8+ Bf8 33. Rf2 e3 34. Rg2
Qf7 35. Bxf5 Qxf5 36. Qxb7 Qe4 37. Qb6 Kf7 38. Qf6+ Ke8 39. Bf4 Be7 40. Qe5
Qxe5 41. Bxe5 Bb4 42. Bf4 Bd2 43. g4 Bc1 44. gxh5 gxh5 45. Kg3 Rxb2 46. Kf3
Rxa2 47. Rg5 1-0

[Event "17. OIBM Bad Wiessee"]
[Site "Bad Wiessee"]
[Date "2013.10.27"]
[Round "3.21"]
[White "Bodach, Hans"]
[Black "Pezerovic, Edin"]
[Result "1/2-1/2"]
[WhiteElo "2199"]
[BlackElo "2439"]
[PlyCount "87"]
[EventDate "2013.??.??"]
[WhiteTeam "SV Dresden-Leuben"]
[BlackTeam "Münchener SC 1836 e.V."]

1. e4 c6 2. d4 d5 3. Nc3 dxe4 4. Nxe4 Bf5 5. Ng3 Bg6 6. h4 h6 7. Nf3 Nd7 8. h5
Bh7 9. Bd3 Bxd3 10. Qxd3 Ngf6 11. Bd2 e6 12. O-O-O Qc7 13. Ne4 Nxe4 14. Qxe4
Nf6 15. Qe2 O-O-O 16. c4 c5 17. Be3 Ng4 18. Kb1 Bd6 19. Rh4 Nxe3 20. fxe3 Be7
21. Rhh1 Bf6 22. Rd2 Qa5 23. g4 Rd6 24. Rd3 Rhd8 25. Rhd1 Qa4 26. b3 Qc6 27.
Kc2 b5 28. dxc5 Rxd3 29. Rxd3 Rxd3 30. Kxd3 bxc4+ 31. bxc4 Qxc5 32. Qc2 Qd6+
33. Ke2 Qg3 34. Qe4 Qg2+ 35. Kd3 Qf1+ 36. Kd2 Kb8 37. Qc6 Bd8 38. Nd4 Ba5+ 39.
Kc2 Qf2+ 40. Kd3 Qf1+ 41. Kc2 Qf2+ 42. Kd3 Qd2+ 43. Ke4 Qg2+ 44. Kd3 1/2-1/2

[Event "17. OIBM Bad Wiessee"]
[Site "Bad Wiessee"]
[Date "2013.10.27"]
[Round "3.22"]
[White "Hunt, Adam"]
[Black "Möhn, Hans"]
[Result "1-0"]
[WhiteElo "2429"]
[BlackElo "2181"]
[PlyCount "67"]
[EventDate "2013.??.??"]
[WhiteTeam "Woodbridge School"]
[BlackTeam "USV TU Dresden"]

1. e4 c6 2. c4 d5 3. exd5 Nf6 4. d4 cxd5 5. Nc3 Nc6 6. Bg5 Ne4 7. Nxe4 dxe4 8.
d5 f6 9. Bd2 Ne5 10. f4 Ng6 11. Qh5 Qb6 12. O-O-O f5 13. Ne2 e6 14. Bc3 Qc7 15.
g3 exd5 16. Nd4 Qf7 17. cxd5 a6 18. Bc4 Bd7 19. Bb3 Rc8 20. Kb1 Ne5 21. Qe2 Ng4
22. Ne6 Bb5 23. Qe1 Bc5 24. d6 Qg6 25. Nxg7+ Kd7 26. Be6+ Qxe6 27. Nxe6 Bf2 28.
Qd2 Bd3+ 29. Ka1 Rhg8 30. Rhe1 Rg6 31. h3 Bxe1 32. Qxe1 Nf6 33. Nd4 Nd5 34.
Nxf5 1-0

[Event "17. OIBM Bad Wiessee"]
[Site "Bad Wiessee"]
[Date "2013.10.27"]
[Round "3.23"]
[White "Freundorfer, Josef"]
[Black "Weber, Ulrich"]
[Result "0-1"]
[WhiteElo "2196"]
[BlackElo "2423"]
[PlyCount "61"]
[EventDate "2013.??.??"]
[WhiteTeam "MTV Ingolstadt"]
[BlackTeam "SV 1920 Hofheim"]

1. e4 c5 2. Nc3 d6 3. Nf3 Nf6 4. Be2 a6 5. O-O e5 6. Bc4 b5 7. Bd5 Ra7 8. a3
Be7 9. d3 O-O 10. Be3 Rc7 11. h3 Nc6 12. Ba2 Nd4 13. Nd5 Nxd5 14. Bxd5 Be6 15.
Bxe6 Nxe6 16. c3 Bf6 17. a4 Qd7 18. Qb3 Rb8 19. Rfd1 Rcb7 20. a5 Qc6 21. Nd2
Rd8 22. Kf1 g6 23. Rac1 Bg7 24. Qa2 d5 25. f3 Rbd7 26. Qb3 dxe4 27. dxe4 Rd3
28. Ke2 c4 29. Qc2 Bf8 30. Bb6 R8d7 31. b4 0-1

[Event "17. OIBM Bad Wiessee"]
[Site "Bad Wiessee"]
[Date "2013.10.27"]
[Round "3.24"]
[White "Bellia, Fabrizio"]
[Black "Jicman, Ligia Letitia"]
[Result "1-0"]
[WhiteElo "2421"]
[BlackElo "2173"]
[PlyCount "57"]
[EventDate "2013.??.??"]
[BlackTeam "CSM.Lugoj/Romania"]

1. d4 d5 2. c4 c6 3. Nf3 Nf6 4. e3 g6 5. Nc3 Bg7 6. Bd3 O-O 7. O-O Bg4 8. h3
Bxf3 9. Qxf3 e6 10. Rd1 Nbd7 11. b3 Qa5 12. Bd2 Qd8 13. Bf1 e5 14. cxd5 exd4
15. exd4 cxd5 16. Nxd5 Nxd5 17. Qxd5 Nb6 18. Qxb7 Qxd4 19. Rab1 Qc5 20. Be3 Qa3
21. Qa6 Qe7 22. a4 Qe6 23. Qb5 Rfb8 24. a5 a6 25. Qd3 Nc8 26. Bf4 Rb7 27. Re1
Qf6 28. Re8+ Bf8 29. Bh6 1-0

[Event "17. OIBM Bad Wiessee"]
[Site "Bad Wiessee"]
[Date "2013.10.27"]
[Round "3.25"]
[White "Papenbrock, Volker"]
[Black "Zude, Arno"]
[Result "1-0"]
[WhiteElo "2183"]
[BlackElo "2416"]
[PlyCount "99"]
[EventDate "2013.??.??"]
[WhiteTeam "SK Union Eimsbuettel eV"]
[BlackTeam "SV 1920 Hofheim"]

1. d4 Nf6 2. Nf3 e6 3. Bf4 c5 4. e3 d5 5. c3 Nc6 6. Nbd2 Bd6 7. Bg3 O-O 8. Ne5
Qc7 9. f4 Ne7 10. Bd3 b6 11. Bh4 Nf5 12. Bxf6 gxf6 13. Ng4 Qe7 14. Qf3 Kh8 15.
O-O-O Rg8 16. Bxf5 exf5 17. Nh6 Be6 18. Nxg8 Rxg8 19. h3 Qd7 20. Rdg1 Qa4 21.
Kb1 Qb5 22. Qf1 Qxf1+ 23. Nxf1 cxd4 24. cxd4 Bb4 25. g3 Bd7 26. a3 Bd6 27. Nd2
Re8 28. Re1 Bb5 29. g4 Bd3+ 30. Ka2 a5 31. Nb1 a4 32. Nc3 b5 33. gxf5 Bc4+ 34.
Kb1 b4 35. axb4 Bxb4 36. Kc2 a3 37. bxa3 Bxa3 38. Rhg1 Bb4 39. Rb1 Bxc3 40.
Kxc3 Rxe3+ 41. Kb4 Rxh3 42. Kc5 Rb3 43. Rxb3 Bxb3 44. Kd6 Bc2 45. Ke7 Bxf5 46.
Kxf7 h5 47. Kxf6 Be4 48. f5 Bf3 49. Rg3 Bg4 50. Kg6 1-0

[Event "17. OIBM Bad Wiessee"]
[Site "Bad Wiessee"]
[Date "2013.10.27"]
[Round "3.27"]
[White "Kick, Joachim"]
[Black "Berchtenbreiter, Max"]
[Result "0-1"]
[WhiteElo "2171"]
[BlackElo "2405"]
[PlyCount "69"]
[EventDate "2013.??.??"]
[WhiteTeam "SG Rochade Kuppenheim 1979 e.V."]
[BlackTeam "SG Pang-Rosenheim 1910 e.V."]

1. Nf3 Nf6 2. c4 c6 3. Nc3 d5 4. d4 a6 5. a4 g6 6. e3 Bg7 7. Bd3 O-O 8. O-O Bf5
9. Bxf5 gxf5 10. b3 Ne4 11. Bd2 e6 12. Qe2 Nd7 13. Rfc1 Kh8 14. Be1 Rg8 15. b4
Nb6 16. cxd5 cxd5 17. a5 Nc4 18. Na4 Bf6 19. Rxc4 dxc4 20. Nb6 Rb8 21. Qxc4 Nd6
22. Qc5 Ne4 23. Qc4 Qe8 24. Qc7 Qb5 25. g3 Rbf8 26. Rc1 h5 27. d5 Qe2 28. Qf4
Kh7 29. dxe6 fxe6 30. Nd7 Rc8 31. Nxf6+ Nxf6 32. Rc7+ Rxc7 33. Qxc7+ Rg7 34.
Qf4 Nd5 35. Qe5 0-1

[Event "17. OIBM Bad Wiessee"]
[Site "Bad Wiessee"]
[Date "2013.10.27"]
[Round "3.28"]
[White "Eggleston, David"]
[Black "Wegerer, Fred"]
[Result "1-0"]
[WhiteElo "2399"]
[BlackElo "2159"]
[PlyCount "69"]
[EventDate "2013.??.??"]
[WhiteTeam "Durham"]
[BlackTeam "Gleisdorf"]

1. e4 c6 2. d4 d5 3. Nc3 g6 4. h3 Bg7 5. Nf3 Nh6 6. Bd3 O-O 7. Qe2 f6 8. exd5
Nf5 9. Bxf5 Bxf5 10. dxc6 Nxc6 11. Be3 Qa5 12. O-O Rac8 13. a3 e5 14. dxe5 fxe5
15. Rad1 h6 16. Rd5 Qc7 17. Bc5 Rfd8 18. Rxd8+ Rxd8 19. Nb5 Qa5 20. b4 Qa4 21.
Rc1 a6 22. Nd6 Qxa3 23. Re1 Qc3 24. Nxb7 Rd5 25. Nd6 Nxb4 26. Bxb4 Qxb4 27.
Nxf5 gxf5 28. Qxa6 Ra5 29. Qe6+ Kh8 30. Qxf5 Rc5 31. Rd1 Qb8 32. Nh4 Qc8 33.
Ng6+ Kh7 34. Nf8+ Kg8 35. Ne6 1-0

[Event "17. OIBM Bad Wiessee"]
[Site "Bad Wiessee"]
[Date "2013.10.27"]
[Round "3.29"]
[White "Schramm, Christian"]
[Black "Kaiser, Elmar"]
[Result "1-0"]
[WhiteElo "2396"]
[BlackElo "2158"]
[PlyCount "41"]
[EventDate "2013.??.??"]
[WhiteTeam "SC 1959 Obernau"]
[BlackTeam "SK Tauberbischofsheim"]

1. e4 e6 2. d4 d5 3. Nc3 Bb4 4. exd5 exd5 5. Bd3 Nc6 6. a3 Bxc3+ 7. bxc3 Nge7
8. Qf3 Be6 9. Rb1 b6 10. Ne2 Qd7 11. h3 Bf5 12. O-O Bxd3 13. cxd3 O-O 14. Nf4
Rad8 15. Re1 Rfe8 16. Bd2 Na5 17. Nh5 Qc6 18. Bg5 f6 19. Bxf6 gxf6 20. Nxf6+
Kh8 21. Nxe8 1-0

[Event "17. OIBM Bad Wiessee"]
[Site "Bad Wiessee"]
[Date "2013.10.27"]
[Round "3.30"]
[White "Smits, Mark"]
[Black "Moor, Oliver"]
[Result "1-0"]
[WhiteElo "2163"]
[BlackElo "2391"]
[PlyCount "133"]
[EventDate "2013.??.??"]
[WhiteTeam "Paul Keres"]

1. e4 e6 2. d4 d5 3. Nc3 Bb4 4. e5 c5 5. a3 Bxc3+ 6. bxc3 Ne7 7. f4 Qc7 8. Nf3
b6 9. Bb5+ Bd7 10. Bd3 Ba4 11. O-O h6 12. Be3 Nd7 13. Bf2 c4 14. Be2 O-O-O 15.
Bh4 f6 16. g4 Rdg8 17. Bg3 f5 18. Nh4 Nf8 19. Kh1 Nfg6 20. Nxg6 Nxg6 21. gxf5
exf5 22. Rg1 Nf8 23. Bf3 Bd7 24. Bh4 Bc6 25. Qd2 Qf7 26. Rg2 Nh7 27. Rag1 g6
28. Rg3 Qe6 29. Qg2 Nf8 30. Bf6 Rh7 31. h4 Nd7 32. Rxg6 Rxg6 33. Qxg6 Nxf6 34.
Qxf6 Qxf6 35. exf6 Rf7 36. Rg6 Kd7 37. Rxh6 Ke6 38. Rh8 Rxf6 39. h5 Ke7 40. Rc8
Rh6 41. Rc7+ Kd6 42. Rf7 Bd7 43. Kg2 Ke6 44. Rg7 Be8 45. Rg5 Bf7 46. Kg3 Kf6
47. Kh4 Rh8 48. Rg2 Re8 49. Re2 Rg8 50. Re1 Rg7 51. a4 Rg8 52. Rb1 Re8 53. a5
bxa5 54. Rb5 Re3 55. Bxd5 Bxh5 56. Rxa5 Be2 57. Ra6+ Ke7 58. Kg5 Kd7 59. Kxf5
Rxc3 60. Be6+ Kd8 61. Rxa7 Rxc2 62. Ke5 Rb2 63. d5 Rb8 64. d6 c3 65. Rg7 Bh5
66. Rg8+ Be8 67. d7 1-0

[Event "17. OIBM Bad Wiessee"]
[Site "Bad Wiessee"]
[Date "2013.10.27"]
[Round "3.31"]
[White "Rambaldi, Francesco"]
[Black "Burchert, Wolfgang"]
[Result "1-0"]
[WhiteElo "2361"]
[BlackElo "2157"]
[PlyCount "71"]
[EventDate "2013.??.??"]
[BlackTeam "SC Hansa Dortmund e.V."]

1. d4 Nf6 2. c4 e6 3. Nc3 Bb4 4. Qc2 O-O 5. Nf3 d5 6. a3 Bxc3+ 7. Qxc3 dxc4 8.
Qxc4 b6 9. Bg5 Ba6 10. Qa4 Qd7 11. Qc2 Rc8 12. Bxf6 gxf6 13. Rd1 Qc6 14. Qd2
Nd7 15. g3 Bb7 16. Bg2 Qd6 17. O-O Qe7 18. Qe3 Qe8 19. Nh4 Bxg2 20. Nxg2 c5 21.
Nf4 c4 22. d5 e5 23. Nh5 Kh8 24. Qf3 Qe7 25. g4 Rg8 26. h3 Rad8 27. Ng3 Rg6 28.
Nf5 Qc5 29. d6 b5 30. Qb7 Qb6 31. Qc7 h5 32. Ne7 Rg7 33. Nc6 Rdg8 34. Qxd7 hxg4
35. Qc7 Qc5 36. Ne7 1-0

[Event "17. OIBM Bad Wiessee"]
[Site "Bad Wiessee"]
[Date "2013.10.27"]
[Round "3.32"]
[White "Faibisovich, Vadim"]
[Black "Marzano, Carlo"]
[Result "1/2-1/2"]
[WhiteElo "2344"]
[BlackElo "2156"]
[PlyCount "88"]
[EventDate "2013.??.??"]

1. e4 e5 2. Nf3 Nf6 3. Nxe5 Nxe4 4. Qe2 Qe7 5. Qxe4 d6 6. d4 dxe5 7. dxe5 Nc6
8. Nc3 Qxe5 9. Qxe5+ Nxe5 10. Nb5 Bb4+ 11. c3 Ba5 12. Bf4 f6 13. Be2 O-O 14.
O-O a6 15. Nd4 Re8 16. Rfe1 Bd7 17. Bxe5 Rxe5 18. Bc4+ Kf8 19. Rxe5 fxe5 20.
Nf3 Re8 21. Re1 e4 22. Ng5 Bf5 23. g4 h6 24. gxf5 hxg5 25. Bd5 c6 26. Bxe4 Rd8
27. Re2 Bc7 28. Kg2 Bf4 29. Bf3 Re8 30. Re6 Rxe6 31. fxe6 Ke7 32. Bg4 Bc1 33.
b3 Bb2 34. c4 Bd4 35. Kf3 Be5 36. h3 Bd4 37. Ke2 Bc5 38. f3 a5 39. Kd3 Bg1 40.
Ke4 Kf6 41. a4 Bc5 42. e7 Bxe7 43. Bc8 Bb4 44. Bxb7 c5 1/2-1/2

[Event "17. OIBM Bad Wiessee"]
[Site "Bad Wiessee"]
[Date "2013.10.27"]
[Round "3.33"]
[White "Singer, Christoph"]
[Black "Kaeding, Rainer"]
[Result "1-0"]
[WhiteElo "2343"]
[BlackElo "2151"]
[PlyCount "47"]
[EventDate "2013.??.??"]
[WhiteTeam "FC Bayern München e.V."]
[BlackTeam "SV Castrop-Rauxel 1923"]

1. e4 c6 2. d4 d5 3. exd5 cxd5 4. Bd3 Nc6 5. c3 Qc7 6. h3 e6 7. Nf3 Bd6 8. O-O
Nge7 9. c4 Bd7 10. c5 Bf4 11. Nc3 a6 12. a3 f6 13. Re1 O-O 14. b4 Bxc1 15. Rxc1
e5 16. dxe5 fxe5 17. Nxd5 Nxd5 18. Bc4 Kh8 19. Qxd5 Rf4 20. Nxe5 Nxe5 21. Qxe5
Qxe5 22. Rxe5 Raf8 23. f3 h6 24. Bd5 1-0